| 000 | 01352nam a2200253Ia 4500 | ||
|---|---|---|---|
| 999 |
_c55768 _d55768 |
||
| 001 | 22865 | ||
| 003 | GE_BSU | ||
| 005 | 20230529154707.0 | ||
| 008 | 181216s ||||ge |||||||||||||| ||geo|| | ||
| 020 | _a9789941253331 | ||
| 040 | _cGE_BSU | ||
| 041 | _ageo | ||
| 080 | _a51(479.22)(092)+821.353.1-94 ღ-44 | ||
| 245 |
_aღვაწლით ჩაუმქრალი სანთელი : _b რევაზ აბსავა 70 / _cპროექტის ავტ. და შემდგ. ციალა ძიძგური ; რედ. რევაზ სალია. |
||
| 264 |
_aთბილისი : _b[?], _c2017. |
||
| 300 |
_a284 გვ. : _bფოტ. ; _c21 სმ. |
||
| 500 | _aწიგნი გამოდის ჯემალ ხარებავას ფინანსური მხარდაჭერით | ||
| 520 | _aწიგნი გამოდის ჯემალ ხარებავას ფინანსური მხარდაჭერით. | ||
| 541 | _h5 ლ. | ||
| 653 | _aქართველი მათემატიკოსები | ||
| 653 | _aღვაწლით ჩაუმქრალი სანთელი : რევაზ აბსავა 70 | ||
| 700 |
_aსალია, რევაზ _eრედაქტორი _918271 |
||
| 942 |
_cBK _2udc |
||